00772nam a22002177a 450000500170000001000150001702000260003203500130005803700130007108200080008410000260009224501130011826000500023127000450028130000250032650000190035170000240037094200220039499900170041695201210043320140702114909.0 aENG-109765 a9788173817809c535.00 aEN-93298 bDBAD/PUB a515 aChaudhuri, Ajay Kumar00aMathematical analysis :cby Ajay Kumar Chaudhuri [and] Pratikshan Mondalbreal, complex, and metric spaces / aKolkatabNew Central Book Agencyc2013(repr.) a8/1 Chintamoni Das LanebKolkatae700009 axiv,681p.c24cm(pbk) aIncludes index aMondal, Pratikshan 2ddccENmCHAh515 c83689d83689 001040718NFICaDBADbDBADd2014-04-21eDBAD/PUBg535.00l0o515 CHApEN-93298r2014-04-21 00:00:00t1v535.00yEN